Norrbottens Län Map Fill - Statistics

General Stats
  • This quiz has been taken 32 times
  • The average score is 9 of 14
Answers on the Map
Answers color-coded by a green-red scale on the quiz's map according to % correct below.
 
Answer Stats
Answer % Correct
Piteå
87%
Haparanda
73%
Kiruna
73%
Övertorneå
73%
Pajala
73%
Gällivare
67%
Luleå
67%
Överkalix
67%
Arjeplog
60%
Arvidsjaur
60%
Boden
60%
Jokkmokk
60%
Älvsbyn
53%
Kalix
53%
No matching quizzes found
Score Distribution
Percent of People with Each Score
Percentile by Number Answered
Your Score History
You have not taken this quiz